| 000 | 01141pam a2200373 ia4500 | ||
|---|---|---|---|
| 999 |
_c172977 _d172977 |
||
| 001 | vtls000860892 | ||
| 003 | PNM | ||
| 005 | 20190603104203.0 | ||
| 008 | 180921s2019 my j 000 1 may | ||
| 015 | _aM19-02304 | ||
| 020 |
_a9789670775715 _qset _cRM168.00 |
||
| 020 |
_a9789670775746 _qpaperback _cRM24.00 |
||
| 039 | 9 |
_a201904040906 _bsiti _c201904011616 _dkalthom _c201903081747 _dnurazlina _c201809232203 _dzuraidah_s |
|
| 040 |
_aBNM _beng _cBNM _erda _dPPAK |
||
| 049 | _amal | ||
| 082 | 0 | 4 |
_a899.2333 _223 |
| 090 | 0 | 0 |
_a899.2333 _bHAS _dK |
| 100 | 0 |
_aHashim Latiff, _d1960- _eauthor. |
|
| 245 | 1 | 0 |
_aHati Seorang Pelumba / _cHashim Latiff |
| 264 | 1 |
_aPuchong, Selangor : _bWahwi Heritage, _c[2019?] |
|
| 300 |
_a46 pages ; _c19 cm. |
||
| 336 |
_atext _2rdacontent |
||
| 337 |
_aunmediated _2rdamedia |
||
| 338 |
_avolume _2rdacarrier |
||
| 490 | 1 | _aSIRI MOTIVASI BERAKHLAK MULIA | |
| 650 | 1 | 0 | _aYoung adult fiction |
| 650 | 2 | 0 | _aChildren's stories, Malay |
| 650 | 2 | 0 | _aMalay fiction |
| 830 | 0 | _aSiri motivasi berakhlak mulia | |
| 942 |
_2ddc _cB |
||
| 949 | _62000693541 | ||
| 949 | _62000693540 | ||
| 949 | _62000693539 | ||